Представление документа в формате RUSMARC

ПолеНазваниеЗначение
  Тип записи a
  Библиографический уровень m
001 Контрольный номер RU\NLR\BIBL_A\011320951
005 Дата корректировки 20201206205109.1
010 Индекс ISBN __
a ISBN 978-5-8354-1312-6 (в пер.)
d Цена 1074-04
100 Данные общей обработки __
a Данные общей обработки 19171031d2017||||||| 0rusy0189 ca
101 Язык документа 0_
a Язык текста rus
102 Страна публикации __
a Страна публикации ru
102 Страна публикации __
a Страна публикации RU
105 Кодированные данные (монография) __
a Кодированные данные (монография) c|||||||000zy
200 Заглавие и сведения об ответственности 1_
a Заглавие Встречный иск в суде и арбитраже
f Первые сведения об ответственности Н. И. Клейн ; Адвокатское бюро Бартолиус
b Общее обозначение материала Текст
210 Выходные данные __
a Место издания Москва
c Издательство Статут
d Дата издания 2017
215 Физическое описание __
a Объем 366, [1] с.
c Иллюстрации/тип воспроизводства [1] л. портр.
d Формат 21 см
225 Серия __
a Серия Классика гражданского процесса
300 Общие примечания __
a Общие примечания 500 экз.
320 Библиография __
a Библиография Список основных научных трудов и публикаций Н. И. Клейн: с. 346-365
320 Библиография __
a Библиография Библиография в подстрочном примечании
330 Аннотация __
a Аннотация Настоящая книга представляет собой собрание избранных трудов видного советского и российского правоведа - профессора Н. И. Клейн, в основном посвященных гражданскому процессу и судебной практике. Особую глубину и ценность ее работам придает широкий профессиональный кругозор: Н. И. Клейн была уникальным специалистом в области гражданского права, процесса, участвовала в разработке ГК РФ, АПК РФ, законодательства о защите конкуренции и пр. Безусловно, современному читателю будет интересно и полезно ознакомиться с уже ставшей библиографической редкостью классической работой "Встречный иск в суде и арбитраже", которая по сей день сохраняет свою актуальность. Комментарии судебно-арбитражной практики и статьи будут полезны не только практикам и правоприменителям, но и ученым, могут быть востребованы в правоприменительной, научной и законотворческой деятельности. Издание предназначено для студентов, профессорско-преподавательского состава юридических вузов и факультетов, практикующих юристов, адвокатов, тех, кто занимается законодательной работой, правоприменителей и судей, а также всех, кто интересуется российским процессуальным правом.
606 Тематические рубрики __
a Основная рубрика Право
y Географическая подрубрика Российская Федерация
y Географическая подрубрика Россия
y Географическая подрубрика РФ
606 Тематические рубрики __
a Основная рубрика Гражданское процессуальное право
610 Ключевые слова __
a Ключевые слова антимонопольное законодательство
a Ключевые слова антимонопольные органы
a Ключевые слова арбитраж
a Ключевые слова арбитражное процессуальное законодательство
a Ключевые слова арбитражные суды
a Ключевые слова встречные иски
a Ключевые слова гражданский процесс
a Ключевые слова гражданское процессуальное право
a Ключевые слова иски
a Ключевые слова предпринимательская деятельность
a Ключевые слова судебная практика
a Ключевые слова судебно-арбитражная практика
a Ключевые слова судебные иски
a Ключевые слова суды
686 Индексы других классификаций __
2 Код системы rubbks
a Классификационный индекс 67.410.103(2Рос)
700 Автор _1
a Фамилия Клейн
b Имя Н. И.
f Даты 1924-2013
g Полное личное имя Нина Исаевна
4 Код отношения 070
711 Наименование организации. (Альтернативная ответственность) __
a Организация/ юрисдикция Бартолиус, адвокатское бюро
801 Источник записи _0
a Страна ru
b Организация NLR
c Дата составления 20171031
g Правила каталогизации RCR
801 Источник записи _2
a Страна ru
b Организация Муниципальное бюджетное учреждение культуры "Централизованная библиотечная система" г. Сургут (Центральная городская библиотека им. А. С. Пушкина)
c Дата составления 20171031
852 Данные о местонахождении __
j Шифр хранения 67.410.103(2Рос)
i Авторский знак К 48
901 Тип документа __
a Ответственный КиК/Лукашук
t Тип документа m
903 Характеристики (МАРС) __
a Дата передачи 20171031
990 Данные о заказе (DOS) __
j Количество экземпляров (DOS) 3
t N записи в КСУ для И/У (DOS) 201711